Culture Générale - Série 1852 - Statistiques

Statistiques générales
  • Ce quiz a été pris 117 fois
  • Le résultat moyen est 5 sur 10
Statistiques - réponses
Question Réponse % Correct
Il peut être nordique ou alpin ski
94%
100 m2 are
84%
Quel est le chef-lieu du Cantal ? Aurillac
71%
Quel animal prénommé Pascal est un symbole dans les religions juive et chrétienne ? agneau
63%
Quelle rivière rejoint la Loire à Nevers ? Nièvre
56%
Quel nom donne-t-on à l'étoffe de laine à carreaux de couleurs, typique des peuples celtes (Ecosse) ? tartan
41%
C'est le nom d'un arbuste à fleurs jaunes et d'un cheval espagnol ? - voir photo genêt
37%
Quelle ville française est située au confluent de la Nive et de l'Adour ? Bayonne
35%
Quel nom composé de 2 mots dont le 2° est un prénom signifie "usurier, avare" ? fesse-mathieu
18%
Quel écrivain prénommé Henri (1888-1976) a écrit "Le mas Théotime" - un hommage à la Provence ? Henri Bosco
16%
Aucun quiz correspondant
Distribution des résultats
% des personnes avec chaque résultat
Percentile par nombre de réponses
Votre historique - résultats
Vous n’avez pas pris ce quiz